01011nam a2200265 i 4500001001000000003000900010005001700019007000300036008004100039040003000080082001400110100003000124245015600154264004900310300002700359336002700386337003300413338002800446490003200474490007100506500003800577504003000615830002800645830007200673000028920DO-SdBNP20250924073803.0ta110412s1986 dr 000 0 spa d aDO-SdBNPbspacBNPHUerda bM334r2221 aMaríñez, Pabloeautor10aRelaciones Dominico-Haitianas y raíces histórico culturales africanas en la República Dominicana :bBibliografía básica /cPablo Maríñez. aSanto Domingo :bUniversitaria- UASD,c1986. a42 páginas ;c21 cm. 2rdacontentatextobtxt 2rdamediaasin mediaciónbn 2rdacarrieravolumenbnc1 aHistoria y sociedadvno. 701 aPublicaciones de la Universidad Autónoma de Santo Domingo ;v507 aIncluye notas al pie de páginas aBibliografía : 35-42 p. 0aHistoria y sociedadn70 aPublicaciones de la Universidad Autónoma de Santo Domingovv. 507